| 000 | 00931nam a22002537a 4500 | ||
|---|---|---|---|
| 999 |
_c92547 _d92547 |
||
| 005 | 20230704114620.0 | ||
| 010 | _aENG-112520 ENG-137264 | ||
| 020 |
_a9789381904398 _c720.00 |
||
| 035 | _aEN-96052 EN-120796 | ||
| 037 | _bDBAD/PUB | ||
| 082 | _a324.25692082 | ||
| 100 | _aAlagha, Joseph | ||
| 245 | 0 | 0 |
_aHizbullah's DNA and the Arab spring / _cby Joseph Alaghe |
| 260 |
_aNew Delhi _bKW Publishers in association with Calcutta University _c2013 |
||
| 270 |
_a4676/21, First Floor, Ansari Road, Daryaganj, _bNew Delhi _e110002 |
||
| 300 |
_axxix,370p. _c24cm(Hb) |
||
| 500 | _aIncludes bibliographical references (pages 285-299) and index. | ||
| 610 | _aHizballah (Lebanon) | ||
| 650 |
_a Islam and politics _zLebanon. |
||
| 650 | _a Arab Spring, 2010- | ||
| 650 |
_a Palestinian Arabs _xPolitics and government _y1993- |
||
| 710 | _aUniversity of Calcutta. | ||
| 942 |
_2ddc _cEN _mALA _h324.25692082 |
||